[Event "Teplice op 6th"]
[Site "Teplice"]
[Date "2011.06.18"]
[Round "8"]
[White "Kudela, Stanislav"]
[Black "Ruzicka, Vaclav"]
[Result "1-0"]
[WhiteElo "1965"]
[BlackElo "1723"]
[PlyCount "119"]
[EventDate "2011.06.11"]
[EventType "swiss"]
[EventRounds "9"]
[EventCountry "CZE"]
[SourceTitle "CBM 142 Extra"]
[Source "ChessBase"]
[SourceDate "2011.06.27"]
[SourceVersion "1"]
[SourceVersionDate "2011.06.27"]
[SourceQuality "1"]

1. e4 e5 2. Nf3 Nf6 3. Nxe5 d6 4. Nf3 Nxe4 5. d4 d5 6. Bd3 Bd6 7. 0-0 0-0 8. c4 Bg4 9. cxd5 Nf6 10. Nc3 Nbd7 11. Bg5 h6 12. Bh4 g5 13. Bg3 Bxg3 14. fxg3 Nb6 15. Qb3 Bxf3 16. Rxf3 Nfxd5 17. Ne4 Kg7 18. Raf1 Qe7 19. Bb1 f5 20. Rxf5 Rxf5 21. Rxf5 Rf8 22. Rxd5 Qf7 23. Rxg5+ hxg5 24. Qxf7+ Rxf7 25. Nxg5 Re7 26. Kf2 Nc4 27. b3 Nd6 28. h4 Nb5 29. Nf3 Nc3 30. Bd3 Nxa2 31. g4 Nb4 32. Bb1 Nd5 33. g5 Nf4 34. Kg3 Rf7 35. Kg4 Nxg2 36. h5 Ne3+ 37. Kg3 Nf1+ 38. Kg2 Ne3+ 39. Kf2 Ng4+ 40. Kg3 Nh6 41. gxh6+ Kxh6 42. Bg6 Rf6 43. Kg4 Rxg6+ 44. hxg6 Kxg6 45. Kf4 Kf6 46. Ke4 Ke6 47. d5+ Kd6 48. Nd4 a6 49. Nf5+ Kd7 50. Ke5 b5 51. b4 Kd8 52. Kd4 Kc8 53. Kc5 Kb7 54. Ne7 Ka7 55. Kc6 Kb8 56. Nf5 Kc8 57. Nd4 Kb8 58. Ne6 a5 59. bxa5 b4 60. Nc5 1-0

[Event "Teplice op 6th"]
[Site "Teplice"]
[Date "2011.06.15"]
[Round "5"]
[White "Mejzr, Jan"]
[Black "Ruzicka, Vaclav"]
[Result "0-1"]
[WhiteElo "1931"]
[BlackElo "1723"]
[PlyCount "72"]
[EventDate "2011.06.11"]
[EventType "swiss"]
[EventRounds "9"]
[EventCountry "CZE"]
[SourceTitle "CBM 142 Extra"]
[Source "ChessBase"]
[SourceDate "2011.06.27"]
[SourceVersion "1"]
[SourceVersionDate "2011.06.27"]
[SourceQuality "1"]

1. e4 e5 2. d4 exd4 3. Qxd4 Nc6 4. Qd1 Bc5 5. Nf3 d6 6. Bd3 Bg4 7. c3 Nf6 8. Bg5 h6 9. Bxf6 Qxf6 10. Be2 0-0 11. 0-0 a6 12. Nbd2 Rad8 13. Qc2 b5 14. Bd3 Ne5 15. Nxe5 dxe5 16. Nb3 Bb6 17. Kh1 Rd6 18. Be2 Be6 19. f3 Rfd8 20. Rad1 Be3 21. Rxd6 Rxd6 22. Rd1 Qd8 23. Rxd6 Qxd6 24. g3 c5 25. c4 b4 26. a3 Bd7 27. axb4 cxb4 28. c5 Qc6 29. Bc4 Kf8 30. Bd5 Qb5 31. Kg2 Bc6 32. Bxc6 Qxc6 33. Qc4 Qb5 34. Qd5 Qe2+ 35. Kh3 Qf1+ 36. Kg4 h5+ 0-1

[Event "Teplice op 6th"]
[Site "Teplice"]
[Date "2011.06.12"]
[Round "2"]
[White "Ruzicka, Vaclav"]
[Black "Mikes, Jan"]
[Result "0-1"]
[WhiteElo "1723"]
[BlackElo "1923"]
[PlyCount "104"]
[EventDate "2011.06.11"]
[EventType "swiss"]
[EventRounds "9"]
[EventCountry "CZE"]
[SourceTitle "CBM 142 Extra"]
[Source "ChessBase"]
[SourceDate "2011.06.27"]
[SourceVersion "1"]
[SourceVersionDate "2011.06.27"]
[SourceQuality "1"]

1. e4 c5 2. Nc3 e6 3. g3 Nc6 4. Bg2 d6 5. d3 Nf6 6. f4 Rb8 7. Nf3 Be7 8. 0-0 0-0 9. h3 d5 10. e5 Ne8 11. Ng5 h6 12. Nf3 b5 13. Ne2 Nc7 14. c3 Ba6 15. Be3 b4 16. Rb1 Qd7 17. Qd2 Nb5 18. d4 bxc3 19. bxc3 Na5 20. Qe1 Nc4 21. Qf2 cxd4 22. Nfxd4 Nxd4 23. cxd4 Na3 24. Rxb8 Rxb8 25. Bc1 Nc2 26. Rd1 Qc7 27. f5 Bxe2 28. Qxe2 Nxd4 29. Rxd4 Qxc1+ 30. Rd1 Bc5+ 31. Kh2 Qe3 32. Qxe3 Bxe3 33. fxe6 fxe6 34. Rd3 d4 35. a3 Rb5 36. h4 Rxe5 37. Bh3 Kf7 38. Kg2 Rc5 39. Kf3 Kf6 40. g4 Rc1 41. Bg2 Rc2 42. Kg3 g5 43. hxg5+ hxg5 44. Kf3 Ke5 45. Kg3 Rc3 46. Bf1 Ke4 47. Rd1 d3 48. Bg2+ Kd4 49. Bf3 e5 50. Rb1 Bf4+ 51. Kf2 Rc2+ 52. Kf1 Ke3 0-1

[Event "Teplice op 6th"]
[Site "Teplice"]
[Date "2011.06.11"]
[Round "1"]
[White "Sejkora, Vlastimil"]
[Black "Ruzicka, Vaclav"]
[Result "1-0"]
[WhiteElo "2189"]
[BlackElo "1723"]
[PlyCount "141"]
[EventDate "2011.06.11"]
[EventType "swiss"]
[EventRounds "9"]
[EventCountry "CZE"]
[SourceTitle "CBM 142 Extra"]
[Source "ChessBase"]
[SourceDate "2011.06.27"]
[SourceVersion "1"]
[SourceVersionDate "2011.06.27"]
[SourceQuality "1"]

1. e4 e5 2. Nf3 Nf6 3. Nc3 Bb4 4. d3 d6 5. Bd2 Nc6 6. h3 h6 7. Be2 Nd4 8. Nxd4 exd4 9. Nb1 Bxd2+ 10. Nxd2 c5 11. 0-0 0-0 12. f4 Qe7 13. a4 Bd7 14. Qe1 Nh7 15. Kh2 f5 16. Bf3 Bc6 17. Qg3 Qf6 18. exf5 Qxf5 19. Nc4 Rad8 20. b3 Bxf3 21. Qxf3 b6 22. g4 Qd7 23. Rae1 Nf6 24. g5 hxg5 25. fxg5 Nh7 26. Qd5+ Kh8 27. g6 Nf6 28. Qg5 Kg8 29. Re2 Qc7 30. Rfe1 Rd7 31. Kg1 a6 32. Qf5 b5 33. axb5 axb5 34. Qe6+ Kh8 35. Re4 Ng8 36. Nd2 Qd8 37. Kh2 Rf2+ 38. Kg3 Rf8 39. Rh4+ Nh6 40. Ne4 d5 41. Rxh6+ gxh6 42. Qe5+ Kg8 43. Nxc5 Rg7 44. Qxg7+ Kxg7 45. Ne6+ Kxg6 46. Nxd8 Rxd8 47. Kg4 Rd6 48. Kf4 Rf6+ 49. Ke5 Rf5+ 50. Kxd4 b4 51. Re6+ Kg5 52. Kc5 h5 53. Kxb4 Kh4 54. Re3 d4 55. Re4+ Kxh3 56. Rxd4 Kg3 57. Rd8 h4 58. Rg8+ Kf4 59. c4 h3 60. Rh8 Kg3 61. c5 h2 62. Kb5 Kg2 63. b4 Rf3 64. Rxh2+ Kxh2 65. c6 Rxd3 66. c7 Rc3 67. Kb6 Kg3 68. b5 Kf4 69. Kb7 Ke5 70. c8Q Rxc8 71. Kxc8 1-0

[Event "Karlovy Vary op"]
[Site "Karlovy Vary"]
[Date "2011.05.02"]
[Round "6"]
[White "Lorencova, Vera"]
[Black "Ruzicka, Vaclav"]
[Result "1-0"]
[WhiteElo "1994"]
[BlackElo "1714"]
[PlyCount "75"]
[EventDate "2011.04.28"]
[EventType "swiss"]
[EventRounds "8"]
[EventCountry "CZE"]
[SourceTitle "CBM 142 Extra"]
[Source "ChessBase"]
[SourceDate "2011.06.27"]
[SourceVersion "1"]
[SourceVersionDate "2011.06.27"]
[SourceQuality "1"]

1. e4 e5 2. d4 exd4 3. Bc4 Bb4+ 4. c3 dxc3 5. bxc3 Bc5 6. Bxf7+ Kxf7 7. Qh5+ Kf8 8. Qxc5+ d6 9. Qc4 Qe7 10. Nf3 Be6 11. Qd3 h6 12. 0-0 Nd7 13. Ba3 Kf7 14. e5 Nc5 15. Qe3 g5 16. Nd4 Bc4 17. Qf3+ Ke8 18. exd6 cxd6 19. Rd1 Nf6 20. Nf5 g4 21. Qf4 Qe2 22. Nxd6+ Ke7 23. Nf5+ Ke8 24. Ne3 Nfe4 25. Bxc5 Nxc5 26. Qe5+ Kf7 27. Qxc5 Rad8 28. Na3 Rxd1+ 29. Rxd1 Be6 30. Qc7+ Kf6 31. Qf4+ Kg6 32. Qe4+ Kf7 33. Qxb7+ Kf6 34. Qe4 Re8 35. Qd4+ Kf7 36. g3 Re7 37. Nac4 Rd7 38. Ne5+ 1-0

[Event "Karlovy Vary op"]
[Site "Karlovy Vary"]
[Date "2011.05.02"]
[Round "7"]
[White "Ruzicka, Vaclav"]
[Black "Pavlik, Pavel"]
[Result "1/2-1/2"]
[WhiteElo "1714"]
[BlackElo "1683"]
[PlyCount "112"]
[EventDate "2011.04.28"]
[EventType "swiss"]
[EventRounds "8"]
[EventCountry "CZE"]
[SourceTitle "CBM 142 Extra"]
[Source "ChessBase"]
[SourceDate "2011.06.27"]
[SourceVersion "1"]
[SourceVersionDate "2011.06.27"]
[SourceQuality "1"]

1. e4 d5 2. e5 Bf5 3. d4 e6 4. Nf3 c5 5. Bb5+ Nd7 6. Bg5 Qb6 7. c4 Be7 8. Bxd7+ Kxd7 9. Qa4+ Kc7 10. Qb5 cxd4 11. Qxb6+ Kxb6 12. Bxe7 Nxe7 13. cxd5 Nxd5 14. 0-0 d3 15. Nh4 Bg4 16. f3 Bh5 17. g4 g5 18. Ng2 Bg6 19. Nd2 a6 20. a3 Rac8 21. Rac1 Rc2 22. Rxc2 dxc2 23. Rc1 Rc8 24. Kf2 Kb5 25. Ke2 Kc5 26. Ne4+ Kd4 27. Nxg5 Kxe5 28. h4 h5 29. Ne1 Kf4 30. gxh5 Bf5 31. h6 f6 32. Ne4 Bxe4 33. fxe4 Kxe4 34. Rxc2 Rh8 35. Rc4+ Kf5 36. Nd3 Rxh6 37. Kf3 e5 38. a4 b5 39. axb5 axb5 40. Rg4 Rg6 41. Rxg6 Kxg6 42. Ke4 Nc7 43. Nxe5+ fxe5 44. Kxe5 Kh5 45. Kd6 Na6 46. Kc6 b4 47. Kb5 Nc7+ 48. Kxb4 Kxh4 49. Kc5 Kg5 50. Kb6 Nd5+ 51. Kc6 Nb4+ 52. Kb5 Nc2 53. Kc4 Kf5 54. Kc3 Ne3 55. b3 Nd5+ 56. Kc4 Ke6 1/2-1/2

[Event "Karlovy Vary op"]
[Site "Karlovy Vary"]
[Date "2011.04.30"]
[Round "4"]
[White "Vanko, Jiri"]
[Black "Ruzicka, Vaclav"]
[Result "1-0"]
[WhiteElo "2042"]
[BlackElo "1714"]
[PlyCount "109"]
[EventDate "2011.04.28"]
[EventType "swiss"]
[EventRounds "8"]
[EventCountry "CZE"]
[SourceTitle "CBM 142 Extra"]
[Source "ChessBase"]
[SourceDate "2011.06.27"]
[SourceVersion "1"]
[SourceVersionDate "2011.06.27"]
[SourceQuality "1"]

1. d4 f5 2. g3 Nf6 3. Bg2 c6 4. c4 g6 5. b3 Bg7 6. Bb2 0-0 7. Nf3 d6 8. 0-0 h6 9. Nbd2 Nbd7 10. Qc2 Kh7 11. Nh4 e6 12. e4 Ng8 13. exf5 exf5 14. Rae1 Ndf6 15. f4 Bd7 16. Ndf3 Ne4 17. Nxg6 Kxg6 18. Nh4+ Kf7 19. Bxe4 fxe4 20. Qxe4 Nf6 21. Qd3 Kg8 22. d5 cxd5 23. cxd5 Qb6+ 24. Bd4 Bb5 25. Qe3 Qc7 26. Qe6+ Qf7 27. Nf5 Qxe6 28. dxe6 Bxf1 29. Rxf1 Rae8 30. g4 Rxe6 31. Nxg7 Kxg7 32. g5 Kf7 33. Bxf6 Rfe8 34. h4 Rxf6 35. gxf6 Kxf6 36. Rd1 Re6 37. Kf2 Kg6 38. Rd5 Kf7 39. Kf3 b6 40. a4 Ke7 41. Rd3 Rf6 42. Rc3 Kd7 43. Kg4 d5 44. f5 d4 45. Rd3 Rd6 46. Kf4 Ke7 47. Ke5 Rc6 48. Rxd4 Rc5+ 49. Rd5 Rc6 50. f6+ Ke8 51. Kf5 Rc7 52. Kg6 Rf7 53. Rd8+ Kxd8 54. Kxf7 Kd7 55. Kg7 1-0

[Event "Karlovy Vary op"]
[Site "Karlovy Vary"]
[Date "2011.04.29"]
[Round "2"]
[White "Stuska, Jan"]
[Black "Ruzicka, Vaclav"]
[Result "0-1"]
[WhiteElo "1250"]
[BlackElo "1714"]
[PlyCount "120"]
[EventDate "2011.04.28"]
[EventType "swiss"]
[EventRounds "8"]
[EventCountry "CZE"]
[SourceTitle "CBM 142 Extra"]
[Source "ChessBase"]
[SourceDate "2011.06.27"]
[SourceVersion "1"]
[SourceVersionDate "2011.06.27"]
[SourceQuality "1"]

1. e4 d5 2. exd5 Nf6 3. Nf3 Nxd5 4. Bc4 c6 5. Nc3 Nxc3 6. bxc3 Bg4 7. Ba3 e6 8. Bxf8 Kxf8 9. d4 Qa5 10. Qd3 Nd7 11. 0-0 Nf6 12. Rab1 Bf5 13. Qd2 Ne4 14. Qf4 b5 15. Bd3 Nxc3 16. Qd2 Bxd3 17. cxd3 b4 18. Rb2 Nd5 19. Ne5 Qc7 20. Rc2 Nc3 21. Qf4 Qb7 22. a3 a5 23. Ra1 Nd5 24. Qf3 Rc8 25. axb4 Nxb4 26. Rc5 a4 27. Rxa4 Nc2 28. h3 Ne1 29. Qe3 f6 30. Nc4 Qb1 31. Kh2 Nxd3 32. Rca5 Qb8+ 33. g3 Nxf2 34. Qxf2 Ke7 35. Ra7+ Rc7 36. Rxc7+ Qxc7 37. Qf4 Rc8 38. Qxc7+ Rxc7 39. g4 h6 40. Ra5 g6 41. Ne3 Rd7 42. Rc5 Rxd4 43. Rxc6 f5 44. gxf5 gxf5 45. Rc7+ Kf6 46. Kg3 f4+ 47. Kf3 fxe3 48. Kxe3 Rh4 49. Rc6 Rxh3+ 50. Kf4 Rh5 51. Rb6 Rf5+ 52. Kg4 Rd5 53. Rc6 Ke5 54. Kh5 Rd6 55. Rc5+ Kd4 56. Ra5 Rd5+ 57. Rxd5+ exd5 58. Kxh6 Ke3 59. Kg5 d4 60. Kg4 d3 0-1